000 01791nam a2200469 i 4500
999 _c248737
_d248737
001 2756050
005 20190916193628.0
008 180309s2018 onca 000 1 eng d
020 _a9780778331179 :
_c$7.99
020 _a0778331172 :
_c$7.99
035 _a(OCoLC)987400197
035 _a(OCoLC)ocn987400197
035 _a2726785
040 _aPABRO
_beng
_erda
_cPABRO
043 _an-us-wa
_an-us-ny
049 _aIGAA
050 4 _aPS3563.A2364
_bB48 2018
082 0 4 _a813/.54
_223
092 _aF MACOMBER
999 _bF
100 1 _aMacomber, Debbie,
_eauthor.
_921663
245 1 0 _aBetween friends /
_cDebbie Macomber.
260 _aToronto, Ontario, Canada :
_bMIRA Books,
_c2018
264 1 _aToronto, Ontario, Canada :
_bMIRA Books,
_c[2018]
300 _a491 pages :
_billustrations ;
_c17 cm
336 _atext
337 _aunmediated
338 _avolume
500 _aIncludes bonus short story "Home to Honeymoon Harbor" by JoAnn Ross.
650 0 _aFemale friendship
_vFiction.
_95674580
650 0 _aMarried women
_vFiction.
_95674257
650 0 _aWomen lawyers
_vFiction.
_95678703
650 7 _aFICTION / Romance / Contemporary
_2bisacsh
_95679126
650 7 _aFICTION / Women
_2bisacsh
_95739043
651 0 _aNew York (N.Y.)
_vFiction.
_95673704
651 0 _aWashington (State)
_vFiction.
_95674856
700 1 2 _aRoss, JoAnn.
_tHome to Honeymoon Harbor.
_95790359
787 0 _nOCLC Work Id
_ohttp://worldcat.org/entity/work/id/769373
942 _2ddc
_cBOOK
948 _aBPF
_bADULT
_pX118870880
_hF
_f1
_r2
_g1
_70
_u3
_w53
_s0
_oBPF
_0$7.99
_y99
_c26
_jDewey Decimal
_nOn-Order
_e1412646-1
_9Item generated Aug 10 2018 9:07AM